| 000 | 00513nam a2200193 i 4500 | ||
|---|---|---|---|
| 001 | 9389 | ||
| 003 | ES-MaACL | ||
| 005 | 20230906145650.0 | ||
| 007 | t| | ||
| 008 | 930819s1989 dr ||||1| spa d | ||
| 080 | _a86.0(729.3)-82"19" | ||
| 080 | _a86.0(729.3)(Bosch,J.1.01) | ||
| 100 | 1 |
_aBosch, Juan. _930641 |
|
| 245 | 1 | 0 |
_aObras completas / _cJuan Bosch. |
| 260 |
_aSanto Domingo : _b[s.n.], _c1989. |
||
| 300 |
_a2 v. ; _c23 cm. |
||
| 505 | 8 | _aT.I-II : Narrativa | |
| 852 |
_aES-MaACL _jL-16820-1 _bR.117478 |
||
| 999 |
_c9389 _d9389 |
||